000 00970nam0a22002771 4500
001 rc\439736
005 20191029131557.0
010 _a5-339-00100-8
_910000
035 _a(NLR Aleph) 005685992
090 _a7124749
_c7124749
100 _a20030616d1988 u |0rusy50 ca
101 0 _arus
102 _aRU
105 _ay |||||||||
200 1 _aОбщество - язык - политика
_fА.А. Лукашанец, А.Е. Михневич, В.К. Щербин
210 _aМинск
_cВышэйш. шк.
_d1988
215 _a221, [2] с.
_d17
700 1 _aЛукашанец
_bА. А.
_f1954-
_gАлександр Александрович
_3RU\NLR\AUTH\7754972
701 1 _aМихневич
_bА. Е.
_gАрнольд Ефимович
701 1 _aЩербин
_bВ. К.
_gВячеслав Константинович
801 0 _aRU
_bNLR
_gpsbo
801 1 _aRU
_bELAR
_2rusmarc
852 _aNLR
_j88-2/1965
942 _cBOOK
980 _aNB